[Event "Kesan op 16th"]
[Site "Kesan"]
[Date "2018.08.12"]
[Round "1"]
[White "Sahin, Engincan"]
[Black "Sibashvili, Giorgi"]
[Result "0-1"]
[WhiteElo "1177"]
[BlackElo "2410"]
[PlyCount "64"]
[EventDate "2018.08.12"]
[EventType "swiss"]
[EventRounds "9"]
[EventCountry "TUR"]
[SourceTitle "CBM 186 Extra"]
[Source "ChessBase"]
[SourceDate "2018.08.24"]
[SourceVersion "1"]
[SourceVersionDate "2018.08.24"]
[SourceQuality "1"]

1. e4 c5 2. Nf3 e6 3. d4 cxd4 4. Nxd4 a6 5. c4 Nf6 6. Nc3 Bb4 7. Bd3 Bxc3+ 8. bxc3 d6 9. 0-0 Nbd7 10. Be3 Qc7 11. f4 b6 12. Rb1 Bb7 13. Qf3 Nc5 14. Qe2 Nxd3 15. Qxd3 Bxe4 16. Qe2 Bxb1 17. Rxb1 0-0 18. Rf1 Rac8 19. Rf3 Qxc4 20. Qf2 Ng4 21. Qd2 Qxc3 22. Qxc3 Rxc3 23. Bd2 Rxf3 24. Nxf3 Rc8 25. h3 Nf6 26. Be3 Nd5 27. Bd4 Rc2 28. Kh2 Rxa2 29. Ng5 Nxf4 30. Bxb6 Rxg2+ 31. Kh1 Rxg5 32. Be3 e5 0-1